Základná finančná kontrola v školách a školských zariadeniach

Novela zákona č. 357/2015 Z. z. Základná finančná kontrola. Elektronický výkon základnej finančnej kontroly a digitalizácia účtovníctva.

Gespeichert in:
Bibliographische Detailangaben
1. Verfasser: Konečná Veverková, Ingrid
Format: Buchkapitel
Sprache:Slowakisch
Schlagworte:
Tags: Tag hinzufügen
Keine Tags, Fügen Sie das erste Tag hinzu!

MARC

LEADER 00000naa a2200000 4500
001 0289389
005 20240417075221.5
041 0 |a slo 
044 |a SK 
245 1 0 |a Základná finančná kontrola v školách a školských zariadeniach  |c Ingrid Konečná Veverková 
520 |a Novela zákona č. 357/2015 Z. z. Základná finančná kontrola. Elektronický výkon základnej finančnej kontroly a digitalizácia účtovníctva. 
610 2 0 |a financovanie 
610 2 0 |a zariadenia školské 
610 2 0 |a zákony 
610 2 0 |a kontrola finančná 
610 2 0 |a digitalizácia 
610 2 0 |a efektívnosť 
100 1 |a Konečná Veverková, Ingrid